000 00278nam a2200109Ia 4500
008 240109s9999 xx 000 0 und d
041 _aeng
100 _aSumantra Ghoshal
245 _aManaging Radical Change
260 _bPenguin Books India Pvt Ltd
650 _aManagement
999 _c1024178
_d1024178